000
00319nam a22001337a 4500
008
170525b xxu||||| |||| 00| 0 eng d
020
_a
9781584884880
041
_a
eng
080
_2
6 ED
_a
62
100
_a
26
101
_a
im
245
_a
MATHEMATICS FOR ENGINERING AND SCIENTES
_c
JEFFREY.A
942
_2
udc
_c
BK
999
_c
14203
_d
14203